| 000 | 00957nam a2200301 4500 | ||
|---|---|---|---|
| 999 |
_c20644 _d20644 |
||
| 005 | 20230711114919.0 | ||
| 008 | 740903s1956 ii 000 0 eng | ||
| 010 | _aENG-92380 ENG-137348 | ||
| 020 |
_a9788180522888 _c795.00 |
||
| 020 |
_a8180522881 _c795.00 |
||
| 035 | _aEN-75913 EN-120880 | ||
| 037 | _bDBAD / PUB | ||
| 040 |
_adpl _bEnglish |
||
| 082 | _a658.8 | ||
| 100 | _aRussell-Jones, Neil | ||
| 110 | _aIndia. | ||
| 245 |
_aMarketing, sales and customer service / _cby Neil Russeell-Jones |
||
| 260 |
_aNew Delhi _bAne Books _c2009(repr.). |
||
| 270 |
_a4821, Parwana Bhawan, Ist Floor, 24, Ansari Road, Darya Ganj, _bNew Delhi _e110002 |
||
| 300 |
_avi, 331p. _c22 cm (Hb) |
||
| 500 | _aIncludes glossary and index | ||
| 650 | _aMarketing. | ||
| 650 | _aSelling. | ||
| 650 | _aCustomer loyalty. | ||
| 650 | _aMarket surveys. | ||
| 650 | _aCustomer satisfaction. | ||
| 942 |
_2ddc _cEN _mRUS _h658.8 |
||